Vplyv parametrov aditívnej výroby na mechanické vlastnosti

Saved in:
Bibliographic Details
Main Author: Blaško, Jakub (Author)
Other Authors: Buranský, Ivan (Thesis advisor)
Format: Manuscript Book
Language:Slovak
Published: 2023
Subjects:
Online Access:http://is.stuba.sk/zp/portal_zp.pl?podrobnosti=171044
Tags: Add Tag
No Tags, Be the first to tag this record!

MARC

LEADER 00000ntm a22000003a 4500
001 stuzp93542
003 SK-STU
005 20230909215353.1
007 ta
008 150427s2015----xo-----f-mn---000-0-slo-d
040 |a STU  |b slo 
041 0 |a slo 
100 1 |a Blaško, Jakub  |u 063000  |4 aut  |U MTF Materiálovotechnologická fakulta  |T MTF Ústav výrobných technológií  |X 96755  |U M3000  |Y 83  |7 96755 
242 0 1 |a Influence of process parameters of additive manufacturing on mechanical properties  |y eng 
245 1 0 |a Vplyv parametrov aditívnej výroby na mechanické vlastnosti 
260 |c 2023 
650 4 |a aditívna výroba  |2 slo 
650 4 |a FDM  |2 slo 
650 4 |a výplň  |2 slo 
650 4 |a orientácia  |2 slo 
650 4 |a ABS-CF10  |2 slo 
650 4 |a ABS-M30  |2 slo 
650 4 |a GrabCAD  |2 slo 
650 4 |a orientation  |2 eng 
650 4 |a additive manufacturing  |2 eng 
650 4 |a GrabCAD  |2 eng 
650 4 |a ABS-CF10  |2 eng 
650 4 |a ABS-M30  |2 eng 
650 4 |a FDM  |2 eng 
650 4 |a infill  |2 eng 
700 1 |a Buranský, Ivan  |u 063000  |k Z1  |4 ths  |U MTF Materiálovotechnologická fakulta  |T MTF Ústav výrobných technológií  |X 4587  |U M3000  |Y 83  |7 A000004587 
856 4 |u http://is.stuba.sk/zp/portal_zp.pl?podrobnosti=171044 
996 |c M* DP-15095  |l MMSKP  |s P  |a 0  |w stuzp93542_0001